000 01445cam a2200385 a 4500
001 15207063
003 NUST-PNEC
005 20170116180700.0
008 080305s2008 maua b 001 0 eng
010 _a 2008271656
015 _aGBA824653
_2bnb
016 7 _a014512159
_2Uk
020 _a9781596932562
020 _a1596932562
035 _a(OCoLC)ocn192012367
035 _a(OCoLC)192012367
_z(OCoLC)174130886
040 _aDLC
_cPNEC
_dDLC
050 0 0 _aUG485
_b.E36 2008
082 0 0 _a623.73 EAS
100 1 _aEast, Peter W.
245 1 0 _aMicrowave system design tools and EW applications /
_cPeter W. East.
250 _a2nd ed.
260 _aBoston :
_bArtech House,
_cc2008.
300 _axviii, 229 p. :
_bill. ;
_c24 cm. +
_e1 CD-ROM (4 3/4 in.)
440 0 _aArtech House microwave library
500 _ahttp://www.amazon.com/Microwave-System-Design-Applications-Library/dp/1596932562/ref=sr_1_1?s=books&ie=UTF8&qid=1410160491&sr=1-1&keywords=1596932562
504 _aIncludes bibliographical references and index.
650 0 _aElectronics in military engineering.
650 0 _aMicrowaves
_xEE
650 0 _aMicrowave receivers.
_xMilitary applications.
856 4 1 _3Table of contents
_uhttp://www.loc.gov/catdir/toc/fy0804/2008271656.html
906 _a7
_bcbc
_corigres
_d2
_encip
_f20
_gy-gencatlg
942 _2ddc
_cBK
999 _c60529
_d60529